000 01410nam a22003611i 4500
001 ebr10813425
003 CaPaEBR
006 m o d
007 cr cn|||||||||
008 131205s2013 enka o 001 0 eng d
020 _a9781782178019 (e-book)
020 _z9781782178002
040 _aCaPaEBR
_beng
_erda
_epn
_cCaPaEBR
035 _a(OCoLC)864382003
050 1 4 _aT385
_bP37 2013eb
082 0 4 _a006.68682
_223
100 1 _aParker, David J.
245 1 0 _aMicrosoft Visio 2013 business process diagramming and validation /
_cDavid J. Parker.
264 1 _aBirmingham :
_bPackt Publishing,
_c2013.
300 _a1 online resource (416 pages) :
_billustrations
336 _atext
_2rdacontent
337 _acomputer
_2rdamedia
338 _aonline resource
_2rdacarrier
500 _aIncludes index.
588 _aDescription based on online resource; title from PDF (ebrary, viewed December 30, 2013).
590 _aElectronic reproduction. Palo Alto, Calif. : ebrary, 2014. Available via World Wide Web. Access may be limited to ebrary affiliated libraries.
630 0 0 _aMicrosoft Visio.
650 0 _aBusiness
_xData processing.
650 0 _aComputer graphics
_xComputer programs.
655 0 _aElectronic books.
797 2 _aebrary.
856 4 0 _uhttp://site.ebrary.com/lib/rucke/Doc?id=10813425
_zAn electronic book accessible through the World Wide Web; click to view
999 _c147465
_d147465